Doctor Who Episodes with Daleks - Sudden Death - Statistics

General Stats
  • This quiz has been taken 57 times
  • The average score is 4 of 9
Answers on the Grid
Answers color-coded by a green-red scale on the quiz's grid according to % correct below.
A Good Man Goes to War
Amy’s Choice
Bad Wolf
Beast Below
Dinosaurs on a Spaceship
Doomsday
End of Time Part Two
Silence in the Library
The Age of Steel
The Big Bang
The Day of the Doctor
The Empty Child
The Lazarus Experiment
The Long Game
The Stolen Earth
The Time of the Doctor
The Waters of Mars
The Wedding of River Song
 
Answer Stats
Answer % Correct
Doomsday
82%
Bad Wolf
76%
The Stolen Earth
70%
The Day of the Doctor
55%
The Big Bang
52%
The Time of the Doctor
52%
The Wedding of River Song
27%
The Waters of Mars
24%
Beast Below
12%
No matching quizzes found
Score Distribution
Percent of People with Each Score
Percentile by Number Answered
Your Score History
You have not taken this quiz